skbl

Dr Suryya Kumar Bhuyan Library Web-OPAC
ডঃ সূৰ্য্য
কুমাৰ ভূঞা পুথিভঁৰাল ৱেব-অ'পেক

All Research Scholars are advised to clear the annual library fees to continue using Library Resources, Remote Access, Plagiarism Test and Library Clearance.

Cotton University Book Fair 2026

The World According to Wavelets / (Record no. 3286)

MARC details
000 -LEADER
fixed length control field 00841nam a2200313Ia 4500
001 - CONTROL NUMBER
control field 3298
005 - DATE AND TIME OF LATEST TRANSACTION
control field 20240113233622.0
007 - PHYSICAL DESCRIPTION FIXED FIELD--GENERAL INFORMATION
fixed length control field ta
008 - FIXED-LENGTH DATA ELEMENTS--GENERAL INFORMATION
fixed length control field 050425s1998 a g b000 u eng u
020 ## - INTERNATIONAL STANDARD BOOK NUMBER
International Standard Book Number 81-7371-450-9
040 ## - CATALOGING SOURCE
Original cataloging agency Cotton College,Assam
041 ## - LANGUAGE CODE
Language code of text/sound track or separate title eng
082 ## - DEWEY DECIMAL CLASSIFICATION NUMBER
Classification number 530
Item number Hu 861 Wo
100 ## - MAIN ENTRY--PERSONAL NAME
Personal name Hubbard, Barbara Burke .
245 #0 - TITLE STATEMENT
Title The World According to Wavelets /
Statement of responsibility, etc. Barbara Burke Hubbard.
Medium Textual Documents
250 ## - EDITION STATEMENT
Edition statement 2nd ed. /
260 ## - PUBLICATION, DISTRIBUTION, ETC.
Place of publication, distribution, etc. Hyderabad :
Name of publisher, distributor, etc. University Press ,
Date of publication, distribution, etc. 1998.
300 ## - PHYSICAL DESCRIPTION
Extent 319p. :
Other physical details ill ;
Dimensions 24 cm. .
500 ## - GENERAL NOTE
General note The Story of a Mathematical Technique in the Making.
504 ## - BIBLIOGRAPHY, ETC. NOTE
Bibliography, etc. note Index.
653 ## - INDEX TERM--UNCONTROLLED
Uncontrolled term Physics
653 ## - INDEX TERM--UNCONTROLLED
Uncontrolled term Wavelets
653 ## - INDEX TERM--UNCONTROLLED
Uncontrolled term G-Physics
653 ## - INDEX TERM--UNCONTROLLED
Uncontrolled term Phy (D)
942 ## - ADDED ENTRY ELEMENTS (KOHA)
Source of classification or shelving scheme Dewey Decimal Classification
Koha item type Books
Holdings
Withdrawn status Lost status Damaged status Not for loan Collection Home library Current library Date acquired Coded location qualifier Total checkouts Full call number Barcode Date last seen Copy number Price effective from Koha item type
          Dr. Suryya Kumar Bhuyan Library Dr. Suryya Kumar Bhuyan Library 01/02/2012 00000   530 Hu 861 Wo 780/Phy 13/01/2024 2 01/02/2012 Books
          Dr. Suryya Kumar Bhuyan Library Dr. Suryya Kumar Bhuyan Library 01/02/2012 00000   530 Hu 861 Wo 779/Phy 13/01/2024 1 01/02/2012 Books

Designed and Maintained by Team SKBL
©1901-2026

Powered by Koha